| 000 | 00344nam a2200145Ia 4500 | ||
|---|---|---|---|
| 005 | 20250319054730.0 | ||
| 008 | 240331s9999 xx 000 0 und d | ||
| 082 |
_bNIK _a894 |
||
| 245 | 0 | _aNikal | |
| 260 |
_aKoyambathoor _bUaravu Achagam _cPalanisaami |
||
| 300 | _a104 p ., | ||
| 650 | _aCulture | ||
| 700 |
_aPalanisamy, K. _eedt |
||
| 942 | _cL | ||
| 999 |
_c4089 _d4089 |
||